| 000 | 00608nam a22001577a 4500 | ||
|---|---|---|---|
| 003 | OSt | ||
| 005 | 20151101102333.0 | ||
| 008 | 151101b xxu||||| |||| 00| 0 eng d | ||
| 040 | _cRUA | ||
| 082 | _aFOR ញ៉ាន 1989 B115 Or.1 | ||
| 100 |
_93119 _aញ៉ាន ប៊ុនថន |
||
| 245 | _aសិក្សាសារព័ន្ធព្រៃក្រោយពីធ្វើអាជីវកម្មក្ន្ងអនុតំបន់ 22 ស្រុកស្នួល ខេត្តក្រចេះ | ||
| 260 |
_aPhnom Penh _bRUA _c1989 |
||
| 300 |
_a85p. _bill. _c29cm. |
||
| 942 |
_2ddc _cFOR |
||
| 999 |
_c2908 _d2908 |
||